| 000 | 00500nam a2200193Ia 4500 | ||
|---|---|---|---|
| 003 | OSt | ||
| 005 | 20230403114409.0 | ||
| 008 | 210423s1963 xx 000 0 und d | ||
| 040 | _cAL | ||
| 041 | _aeng | ||
| 082 |
_a853.912 _223 _bSILB |
||
| 100 |
_aSILONE (Ignazio) Psued Secondo Tranquilli _982540 |
||
| 245 | _aBread and wine | ||
| 260 |
_aNew York _bNew American Library _c1963 |
||
| 300 |
_aix,286 _bPB |
||
| 650 |
_aItalian Literature _982541 |
||
| 906 | _aBread ; wine | ||
| 942 |
_2ddc _cBK |
||
| 999 |
_c169096 _d169096 |
||